Minor surgery at a glance
Minor Surgery at a Glance is an essential companion for those who wish to learn or familiarise themselves with minor surgery, including trainees and practising surgeons, dermatologists, GPs, and emergency medicine physicians. Covering the basic principles of minor surgery, as well as offering an ove...
Gorde:
| Beste egile batzuk: | |
|---|---|
| Hizkuntza: | Undetermined English |
| Argitaratua: |
Chichester, West Sussex,Hoboken, NJ
John Wiley & Sons, Ltd
2017
|
| Gaiak: | |
| Etiketak: |
Etiketa erantsi
Etiketarik gabe, Izan zaitez lehena erregistro honi etiketa jartzen!
|
| Thư viện lưu trữ: | Trung tâm Học liệu Trường Đại học Trà Vinh |
|---|
| LEADER | 01227nam a2200253Ia 4500 | ||
|---|---|---|---|
| 001 | TVU_32521 | ||
| 008 | 210423s9999 xx 000 0 und d | ||
| 020 | |a 1118561449 | ||
| 020 | |a 9781118561447 | ||
| 041 | |a eng | ||
| 082 | |a 617.024 | ||
| 082 | |b M666 | ||
| 245 | 0 | |a Minor surgery at a glance | |
| 245 | 0 | |c edited by Helen Mohan, Desmond Winter | |
| 260 | |a Chichester, West Sussex,Hoboken, NJ | ||
| 260 | |b John Wiley & Sons, Ltd | ||
| 260 | |c 2017 | ||
| 300 | |a ix, 108 p. | ||
| 300 | |c 28 cm | ||
| 504 | |a Includes bibliographical references and index | ||
| 520 | |a Minor Surgery at a Glance is an essential companion for those who wish to learn or familiarise themselves with minor surgery, including trainees and practising surgeons, dermatologists, GPs, and emergency medicine physicians. Covering the basic principles of minor surgery, as well as offering an overview of techniques and common procedures accompanied by step-by-step illustrations, this book also provides concise summaries of vital information and the clinical practicalities | ||
| 650 | |a Minor Surgical Procedures; Perioperative Care | ||
| 700 | |a edited by Helen Mohan; Desmond Winter | ||
| 980 | |a Trung tâm Học liệu Trường Đại học Trà Vinh | ||


